Indonesia Handbook, 1975

Đã lưu trong:
書目詳細資料
企業作者: Indonesia. Departement of information
格式: 圖書
語言:Undetermined
出版: Djarkata Departement of information 1975
主題:
標簽: 添加標簽
沒有標簽, 成為第一個標記此記錄!
Thư viện lưu trữ: Trung tâm Học liệu Trường Đại học Cần Thơ
LEADER 00488nam a2200181Ia 4500
001 CTU_90528
008 210402s9999 xx 000 0 und d
082 |a 910.3 
082 |b I.41 
110 |a Indonesia. Departement of information 
245 0 |a Indonesia Handbook, 1975 
260 |a Djarkata 
260 |b Departement of information 
260 |c 1975 
650 |a Handbook 
650 |z Indenesia 
904 |i Vương 
980 |a Trung tâm Học liệu Trường Đại học Cần Thơ